00459nam a22001577a 4500008004100000020002200041040005500063080001700118100002100135245003300156246001700189260005700206300001100263650001100274653001600285230630b |||||||| |||| 00| 0 eng d a978-81-88125-60-9 aNational Science LibrarycNational Science Library a82.31KOHbQ9 aKohil, Narendra  aप्रीति-कथा aPreeti-Katha aNew Delhi: bJagatRam & Sons Private Limited, c2019 a128p.  aStory  aLiterature